Polscy zawodnicy CS:GO z top10 rankingu Cybersport - Statystyki

Ogólne statystyki
  • Ten quiz został rozwiązany 132 razy
  • Średni wynik to 10 z 28
Statystyki odpowiedzi
Imie Nazwisko Nick % Poprawnych
Paweł Mocek Innocent
85%
Piotr Nawrocki nawrot
79%
Kamil Sobolewski Sobol
77%
Dominik Świderski GruBy
61%
Damian Kislowski furlan
57%
Kamil Pietkun Kei
52%
Krzysztof Górski Goofy
49%
Jacek Jeziak minise
46%
Jakub Markowski Markoś
41%
Kacper Ściera darko
39%
Paweł Jańczak reatz
38%
Michał Czapla Czapel
36%
Hubert Światły Szejn
36%
Mateusz Zawistowski TOAO
36%
Eryk Kocęba leman
34%
Konrad Jeńczeń EXUS
33%
Łukasz Jahns splawik
27%
Michał Łącki Molsi
26%
Maciej Biliński Bielany
25%
Mikołaj Szemraj Miki z Afryki
25%
Patryk Tomaszewski Demho
21%
Grzegorz Bianga grzes1x
21%
Olaf Tyszkiewicz olfii
16%
Adrian Chyziak AlcesT
15%
Bartek Niebisz bnox
15%
Mateusz Mnich MonsteR
14%
Tomasz Kamiński Totty
11%
Krystian Klaczyński Ezgot
5%
Nie znaleziono quizów pasujących do podanych kryteriów
Rozkład punktacji
Procent ludzi z każdym wynikiem
Percentyl według liczby udzielonych odpowiedzi
Twoja historia wyników
Nie rozwiązałeś tego quizu